| 000 | 00608nam a2200217 4500 | ||
|---|---|---|---|
| 010 | _aA-447828 | ||
| 035 | _aA-447828 | ||
| 037 | _bCen Lib / Ret | ||
| 040 |
_aDPL _bEN |
||
| 082 |
_a657 _bMON |
||
| 100 | _aMonga, J. R. | ||
| 245 |
_aAdvanced accounting / _cby J. R. Monga, Girish Ahuja [and] Ashok Sehgal |
||
| 260 |
_aNew Delhi _bMayoor Paperbacks |
||
| 270 |
_aMayoor Paperbacks _bNew Delhi |
||
| 300 |
_av 2. 950p _b24cm(Hb) |
||
| 650 | _aaccounting | ||
| 650 | _aFinancial Accounting | ||
| 700 | _aAhuja, Girish | ||
| 700 | _aSehgal, Ashok | ||
| 942 |
_2ddc _cEN _h657 _mMON |
||
| 999 |
_c136556 _d136556 |
||